[Event "Detroit (MI Team/2/1/3)"]
[Site "?"]
[Date "1995.??.??"]
[Round "?"]
[White "Drkulec, Vladimir"]
[Black "Hater, David"]
[Result "1/2-1/2"]
[WhiteElo "2140"]
[BlackElo "1925"]
[PlyCount "107"]
[EventDate "1995.??.??"]

{2/1} 1. d4 Nf6 2. c4 g6 3. Nc3 d5 4. cxd5 Nxd5 5. e4 Nxc3 6. bxc3 Bg7 7. Bb5+
Bd7 8. Be2 c5 9. Nf3 Nc6 10. O-O Bg4 11. Rb1 Qc7 12. d5 Ne5 13. Nxe5 Bxe2 14.
Qxe2 Bxe5 15. Qb5+ Kf8 16. Bh6+ Kg8 17. Qxb7 Bxh2+ 18. Kh1 Rb8 19. Qxb8+ Qxb8
20. Rxb8+ Bxb8 21. Rb1 Bd6 22. Rb7 f6 23. Rxa7 Kf7 24. Be3 Rb8 25. g3 Rb2 26.
c4 Rc2 27. Ra4 g5 28. g4 Kg6 29. Kg2 h5 30. gxh5+ Kxh5 31. Kf1 Kg4 32. Ke1 Kf3
33. Kd1 Rb2 34. e5 fxe5 35. Bxg5 Kxf2 36. Ra3 e4 37. Bh4+ Kf1 38. Re3 Rxa2 39.
Rxe4 Ra7 40. Kd2 Kg2 41. Kd3 Ra3+ 42. Kc2 Kf3 43. Re1 Ra7 44. Kb3 Kg4 45. Re4+
Kf5 46. Re6 Kg4 47. Be1 Kf5 48. Bh4 Kg4 49. Bf6 Kf5 50. Bg7 Rb7+ 51. Kc3 Ra7
52. Bf8 Ra3+ 53. Kb2 Ra7 54. Kb3 1/2-1/2

[Event "Detroit (MI Team/4/1/3)"]
[Site "?"]
[Date "1995.??.??"]
[Round "?"]
[White "Drkulec, Vladimir"]
[Black "Boyle, John"]
[Result "1-0"]
[WhiteElo "2140"]
[BlackElo "1605"]
[PlyCount "38"]
[EventDate "1995.??.??"]

{4/1} 1. d4 d5 2. c4 e6 3. Nc3 Nf6 4. Bg5 Nbd7 5. e3 Be7 6. Nf3 c5 7. cxd5 cxd4
8. dxe6 dxc3 9. exd7+ Bxd7 10. bxc3 Ne4 11. Bxe7 Qxe7 12. Qd4 O-O 13. Bd3 Bc6
14. Ne5 Nf6 15. Nxc6 bxc6 16. Qb4 Qe5 17. Qd4 Qa5 18. O-O Rfd8 19. Qc4 Nd5 {
[Remainder illegible; 1-0, 40?]} 1-0

[Event "Lansing (Mini-Swiss.3/3)"]
[Site "?"]
[Date "1995.??.??"]
[Round "?"]
[White "Draper, M."]
[Black "Jensen, Robert"]
[Result "0-1"]
[WhiteElo "1605"]
[BlackElo "1605"]
[PlyCount "96"]
[EventDate "1995.??.??"]

{3/(3)} 1. d4 d5 2. c4 dxc4 3. Nf3 Nf6 4. e3 Be6 5. Nc3 c6 6. Ne5 g6 7. Nxc4
Bg7 8. Ne5 O-O 9. Bc4 Ne4 10. O-O Bxe5 11. dxe5 Nxc3 12. Qxd8 Rxd8 13. Bxe6
fxe6 14. bxc3 Nd7 15. f4 Nb6 16. Ba3 Kf7 17. Rab1 Nc4 18. Bxe7 Kxe7 19. Rxb7+
Rd7 20. Rxd7+ Kxd7 21. Rd1+ Ke7 22. Kf2 Rd8 23. Rd4 Rxd4 24. exd4 Kd7 25. Ke2
Kc7 26. Kd3 Nb6 27. g4 Nd5 28. f5 gxf5 29. gxf5 exf5 30. c4 Nb4+ 31. Ke3 Nxa2
32. Kf4 Kd7 33. Kxf5 Ke7 34. d5 Nc3 35. d6+ Kd7 36. c5 Nd5 37. e6+ Kd8 38. Ke5
a5 39. Kd4 a4 40. e7+ Nxe7 41. dxe7+ Kxe7 42. Kc4 Ke6 43. Kb4 Kd5 44. Kxa4 Kxc5
45. Kb3 h5 46. Kc3 h4 47. h3 Kd5 48. Kb4 Ke4 0-1

[Event "Lansing (Mini-Swiss.3/1)"]
[Site "?"]
[Date "1995.??.??"]
[Round "?"]
[White "Draper, M."]
[Black "Fredenburg, Jeff"]
[Result "1-0"]
[WhiteElo "1605"]
[BlackElo "1605"]
[PlyCount "115"]
[EventDate "1995.??.??"]

{3/(1)} 1. d4 g6 2. c4 Bg7 3. Nc3 h5 4. e4 e6 5. Nge2 b6 6. f3 Qe7 7. Bd2 a5 8.
Ng3 h4 9. Nge2 f5 10. exf5 exf5 11. Nd5 Qd8 12. Bf4 c6 13. Nc7+ Kf8 14. Nxa8
Bb7 15. Nc7 g5 16. Bd6+ Ne7 17. Qc2 f4 18. Qf5+ Kg8 19. Qxg5 Na6 20. Nxa6 Bxa6
21. Bxe7 Qc7 22. Nxf4 c5 23. Nd5 Qc6 24. Bf6 Qe6+ 25. Be2 Rh7 26. Ne7+ Kf8 27.
Ng6+ Kf7 28. Ne5+ Kf8 29. Bxg7+ Rxg7 30. Qd8+ Qe8 31. Qxe8+ Kxe8 32. Rd1 d6 33.
Nc6 Bb7 34. d5 Rxg2 35. Kf1 Rg7 36. Rg1 Rf7 37. Rg4 h3 38. Kf2 Bc8 39. Rg3 Bf5
40. Rdg1 Rh7 41. Rg7 Rh8 42. Re7+ Kf8 43. Rgg7 Bg6 44. Ra7 Be8 45. Rh7 Rg8 46.
Bf1 Bxc6 47. dxc6 Rg6 48. Rhd7 Re6 49. Ra8+ Re8 50. Rxe8+ Kxe8 51. Rxd6 b5 52.
c7 Ke7 53. Rd8 bxc4 54. c8=Q c3 55. bxc3 c4 56. Rd5 a4 57. Qc6 a3 58. Rd7+ 1-0

[Event "Troy (US Am N/3/1)"]
[Site "?"]
[Date "1995.??.??"]
[Round "?"]
[White "Dowling, Jo"]
[Black "Turner, Keita"]
[Result "1-0"]
[WhiteElo "2195"]
[BlackElo "1900"]
[PlyCount "121"]
[EventDate "1995.??.??"]

{3/(1)} 1. e4 c5 2. Nc3 Nc6 3. Nge2 g6 4. g3 Bg7 5. Bg2 Nf6 6. O-O O-O 7. d3 d6
8. h3 Bd7 9. Be3 a6 10. Qd2 Qc8 11. Kh2 Rd8 12. f4 Be6 13. g4 d5 14. Bxc5 dxe4
15. d4 Nd7 16. Qe3 Nxc5 17. dxc5 Nd4 18. Bxe4 f5 19. gxf5 Nxf5 20. Bxf5 Bxf5
21. Rac1 e5 22. Na4 exf4 23. Nxf4 Qc7 24. Nb6 Rab8 25. Kh1 Qc6+ 26. Kh2 Re8 27.
Qb3+ Kh8 28. Qd5 Be5 29. Qxc6 bxc6 30. h4 h6 31. Kg2 Be4+ 32. Kh3 Rf8 33. Nd3
Bc7 34. Nd7 Bf5+ 35. Rxf5 Rxf5 36. Nxb8 Bxb8 37. Re1 Kg7 38. Re7+ Kf6 39. Rb7
Be5 40. Rb6 Rf3+ 41. Kg2 Rg3+ 42. Kf2 Rh3 43. Rxc6+ Kf5 44. Nxe5 Kxe5 45. Rxg6
Rxh4 46. c6 Rh2+ 47. Rg2 Rh4 48. b3 Kd6 49. Rg6+ Kc7 50. Ke3 Rh2 51. Kd3 h5 52.
a4 h4 53. Rh6 h3 54. c3 Rh1 55. Kc4 h2 56. b4 Kb6 57. a5+ Kc7 58. Kc5 Rc1 59.
Rh7+ Kc8 60. Rxh2 Rxc3+ 61. Kb6 1-0

[Event "Troy (US Am N/1/1)"]
[Site "?"]
[Date "1995.??.??"]
[Round "?"]
[White "Dowling, Jo"]
[Black "Kane, Paul"]
[Result "1-0"]
[WhiteElo "2195"]
[BlackElo "1605"]
[PlyCount "120"]
[EventDate "1995.??.??"]

{1/(1)} 1. e4 c5 2. Nc3 Nc6 3. Nge2 d6 4. g3 e6 5. Bg2 g6 6. O-O Bg7 7. d3 Nge7
8. Be3 O-O 9. Qd2 Rb8 10. f4 Nd4 11. g4 b5 12. Ng3 b4 13. Nd1 f5 14. c3 bxc3
15. bxc3 Nb5 16. gxf5 exf5 17. a4 Nc7 18. e5 Na6 19. d4 Bb7 20. Qa2+ Kh8 21.
Bxb7 Rxb7 22. Rf2 Qd7 23. Rd2 dxe5 24. dxe5 Qc7 25. Nb2 Bxe5 26. fxe5 Qxe5 27.
Bh6 Rfb8 28. Nc4 Qxc3 29. Rad1 Nb4 30. Rd8+ Ng8 31. Qe2 Rxd8 32. Rxd8 Qa1+ 33.
Nf1 Rg7 34. Bxg7+ Qxg7 35. Qe5 Nc6 36. Qxg7+ Kxg7 37. Rd7+ Nge7 38. Nfd2 h6 39.
Nb3 Kf6 40. Nxc5 g5 41. Rd6+ Kg7 42. Ne6+ Kf7 43. Nd8+ Nxd8 44. Rxd8 h5 45. Rd7
a6 46. Ra7 Ke6 47. Rxa6+ Kd5 48. Nd2 Nc6 49. Ra8 h4 50. a5 Ke5 51. a6 Kf4 52.
Rc8 Na7 53. Rc7 Nb5 54. Rb7 Nd6 55. Rb4+ Ke3 56. Nf1+ Kf3 57. a7 f4 58. a8=Q+
Kg4 59. Ne3+ Kh5 60. Qh8+ Kg6 1-0

[Event "Troy (US Am N/5/2)"]
[Site "?"]
[Date "1995.??.??"]
[Round "?"]
[White "Dowling, Jo"]
[Black "Dangremond, Leonard"]
[Result "1-0"]
[WhiteElo "2195"]
[BlackElo "2000"]
[PlyCount "47"]
[EventDate "1995.??.??"]

{5/(2)} 1. e4 e5 2. d4 exd4 3. Qxd4 Nc6 4. Qe3 Nf6 5. Nc3 Be7 6. Bd2 O-O 7.
O-O-O d6 8. Qg3 a6 9. h4 Nh5 10. Qe3 f5 11. Bc4+ Kh8 12. Qe2 Qe8 13. exf5 Rxf5
14. Nf3 Ne5 15. Ng5 Nf4 16. Bxf4 Rxf4 17. Bb3 Bxg5 18. hxg5 Bf5 19. Qe3 Rb4 20.
Nd5 Re4 21. Qc3 Rc8 22. f3 Re2 23. Nf4 Qb5 24. a4 1-0

[Event "East Lansing (Class DE/3/7)"]
[Site "?"]
[Date "1995.??.??"]
[Round "?"]
[White "Dowling, James"]
[Black "Woods, O."]
[Result "1-0"]
[WhiteElo "1605"]
[BlackElo "1605"]
[PlyCount "88"]
[EventDate "1995.??.??"]

{3/(7)} 1. Nf3 e6 2. c4 c6 3. Nc3 d5 4. b3 Nf6 5. g3 Be7 6. Bg2 O-O 7. O-O Ne4
8. Bb2 Bf6 9. Qc2 Ng5 10. h4 Nxf3+ 11. Bxf3 e5 12. e4 d4 13. Nd1 Bxh4 14. gxh4
Qxh4 15. Qd3 Bh3 16. Bg2 Qg4 17. Qxh3 Qxh3 18. Bxh3 g6 19. f4 f6 20. fxe5 fxe5
21. Rxf8+ Kxf8 22. Nf2 Na6 23. Ng4 Re8 24. Rf1+ Kg7 25. Nf6 Re7 26. Ba3 c5 27.
Nd5 Re8 28. Bc1 h5 29. a3 g5 30. Nf6 Kh6 31. Nxe8 g4 32. d3+ Kg6 33. Rf5 gxh3
34. Kh2 Nb8 35. Rxe5 Nd7 36. Rg5+ Kf7 37. Nd6+ Kf6 38. Nxb7 Ne5 39. Rf5+ Ke6
40. Nxc5+ Kd6 41. b4 Ke7 42. Rxe5+ Kf6 43. Rxh5 Kg6 44. Rxh3 Kf6 1-0

[Event "East Lansing (Class DE/1/5)"]
[Site "?"]
[Date "1995.??.??"]
[Round "?"]
[White "Dowling, James"]
[Black "Scott, A."]
[Result "0-1"]
[WhiteElo "1605"]
[BlackElo "1605"]
[PlyCount "112"]
[EventDate "1995.??.??"]

{1/(5)} 1. Nf3 e6 2. e4 d5 3. exd5 exd5 4. b3 Nf6 5. Bb2 Bd6 6. Qe2+ Qe7 7. Nc3
Bg4 8. Qxe7+ Bxe7 9. Be2 Nc6 10. Nb5 Rc8 11. Nfd4 a6 12. Bxg4 Nxg4 13. Nxc6
bxc6 14. Na7 Ra8 15. Nxc6 Bc5 16. Nd4 O-O 17. O-O Rfe8 18. h3 Nf6 19. Rae1 Ne4
20. d3 Nd6 21. Nf3 f6 22. Bc1 Bb4 23. Rxe8+ Rxe8 24. Bf4 Re2 25. Nd4 Re8 26. g4
Bc5 27. Be3 g5 28. c3 Nf7 29. Nf5 Bxe3 30. fxe3 Ne5 31. d4 Nd3 32. Kg2 c5 33.
Kf3 cxd4 34. Nxd4 Ne5+ 35. Ke2 Kf7 36. Rd1 Rc8 37. Kd2 a5 38. Ne2 Nf3+ 39. Kc2
Ke6 40. Nd4+ Nxd4+ 41. exd4 Kf7 42. Re1 Kg6 43. Kd3 h5 44. Re6 hxg4 45. hxg4
Rh8 46. Re3 Rh4 47. Rg3 f5 48. gxf5+ Kxf5 49. c4 dxc4+ 50. bxc4 Kf4 51. Re3 g4
52. c5 Rh3 53. Rxh3 gxh3 54. c6 h2 55. c7 h1=Q 56. c8=Q Qd1+ 0-1

[Event "Troy (US Am N/5/36)"]
[Site "?"]
[Date "1995.??.??"]
[Round "?"]
[White "Dory, T."]
[Black "Vaughn, Gerald"]
[Result "0-1"]
[WhiteElo "1605"]
[BlackElo "1605"]
[PlyCount "46"]
[EventDate "1995.??.??"]

{5/(36)} 1. e4 c5 2. Nf3 Nc6 3. d4 cxd4 4. Nxd4 Nf6 5. Nc3 e5 6. Ndb5 d6 7. Be2
a6 8. Na3 h6 9. f3 Be6 10. Be3 Be7 11. O-O O-O 12. Qe1 b5 13. Ncb1 d5 14. exd5
Nxd5 15. Qf2 Nxe3 16. Qxe3 Nd4 17. Qxe5 b4 18. Rd1 Bf6 19. Rxd4 Qxd4+ 20. Qxd4
Bxd4+ 21. Kf1 Bxb2 22. Nc4 Bxc4 23. Bxc4 Bxa1 0-1

[Event "Troy (TCC Beg/1/2)"]
[Site "?"]
[Date "1995.??.??"]
[Round "?"]
[White "Dory, T."]
[Black "Murray, L."]
[Result "1-0"]
[WhiteElo "1605"]
[BlackElo "1605"]
[PlyCount "87"]
[EventDate "1995.??.??"]

{1/(2)} 1. e4 c5 2. Nf3 d6 3. d4 cxd4 4. Nxd4 Nc6 5. Be3 Nf6 6. f3 e5 7. Nb3
Be7 8. Nc3 O-O 9. Qd2 Be6 10. Be2 Bxb3 11. axb3 a6 12. O-O b5 13. Rfd1 Qc7 14.
Nd5 Nxd5 15. Qxd5 Nb4 16. Qd2 Qxc2 17. Bxb5 Qxd2 18. Bxd2 axb5 19. Bxb4 Rxa1
20. Rxa1 Rb8 21. Ra7 Bf8 22. Kf2 d5 23. Bxf8 Kxf8 24. exd5 Rd8 25. Ke3 Rxd5 26.
Ke4 Rd2 27. Kxe5 Re2+ 28. Kd6 g6 29. Rb7 Rxb2 30. Rxb5 Rxg2 31. Rb8+ Kg7 32. b4
Rxh2 33. b5 h5 34. b6 h4 35. b7 Rb2 36. Kc7 h3 37. Rd8 h2 38. Rd1 Rc2+ 39. Kb8
Rd2 40. Rc1 Kf8 41. Kc7 Rc2+ 42. Rxc2 h1=Q 43. b8=Q+ Kg7 44. Qb2+ 1-0

[Event "Troy (US Am N/1/40)"]
[Site "?"]
[Date "1995.??.??"]
[Round "?"]
[White "Dory, T."]
[Black "Jointer, William"]
[Result "0-1"]
[WhiteElo "1605"]
[BlackElo "1715"]
[PlyCount "98"]
[EventDate "1995.??.??"]

{1/(40)} 1. e4 c5 2. Nf3 Nc6 3. d4 cxd4 4. Nxd4 g6 5. Nc3 Bg7 6. Be3 Nf6 7. Bc4
O-O 8. f4 Nxe4 9. Nxc6 bxc6 10. Nxe4 d5 11. Bxd5 cxd5 12. Nc3 d4 13. Qf3 dxc3
14. Qxa8 cxb2 15. Rb1 Bc3+ 16. Kf2 e5 17. fxe5 Bxe5 18. Qf3 Qc7 19. Rhd1 Qxc2+
20. Qe2 Qxe2+ 21. Kxe2 Bg4+ 22. Ke1 Bc3+ 23. Kf2 Bxd1 24. Rxd1 a5 25. Ke2 a4
26. Bc5 Re8+ 27. Kd3 Rd8+ 28. Kxc3 Rxd1 29. Kxb2 Rd2+ 30. Ka3 Rxg2 31. Bd6 f5
32. Kxa4 Rxa2+ 33. Kb3 Rd2 34. Bf4 Rd7 35. Kc2 Kf7 36. Bd2 Ke6 37. Kd1 f4 38.
Ke2 Rxd2+ 39. Kxd2 g5 40. Ke2 g4 41. Kf2 Kf5 42. Kg2 h5 43. h3 Ke4 44. hxg4
hxg4 45. Kf2 g3+ 46. Kg2 Ke3 47. Kf1 f3 48. Kg1 Ke2 49. Kh1 f2 0-1

[Event "Troy (US Am N/3/42)"]
[Site "?"]
[Date "1995.??.??"]
[Round "?"]
[White "Dory, T."]
[Black "Gentry, Bronson"]
[Result "0-1"]
[WhiteElo "1605"]
[BlackElo "1605"]
[PlyCount "104"]
[EventDate "1995.??.??"]

{3/(42)} 1. e4 c5 2. Nf3 Nc6 3. d4 cxd4 4. Nxd4 g6 5. Nc3 Bg7 6. Be3 Nf6 7. Be2
Qb6 8. Ne6 Qxb2 9. Nxg7+ Kf8 10. O-O Kxg7 11. Qd2 Re8 12. Rab1 Qa3 13. Bh6+ Kg8
14. Nd5 Nxd5 15. exd5 Nd8 16. Qd4 f6 17. Bc4 d6 18. Rbd1 Nf7 19. Bc1 Qc5 20.
Qxc5 dxc5 21. d6 exd6 22. Rxd6 Kg7 23. Rd2 Be6 24. Bxe6 Rxe6 25. Rd7 b6 26. Be3
Rd6 27. Rb7 Kg8 28. Re1 Ne5 29. Bf4 Rd7 30. Rxd7 Nxd7 31. Re7 Nf8 32. h4 g5 33.
Bc7 Ng6 34. Rd7 Nxh4 35. Rd8+ Rxd8 36. Bxd8 Kf7 37. Bc7 b5 38. f4 Nf5 39. Kf2
Ke6 40. g4 Ng7 41. Ke3 Kd5 42. Bd8 gxf4+ 43. Kxf4 Ne6+ 44. Kf5 Nxd8 45. Kxf6
Ne6 46. g5 Nxg5 47. Kxg5 Kc4 48. Kh6 Kc3 49. Kxh7 Kxc2 50. Kg6 Kb2 51. Kf5 Kxa2
52. Ke4 b4 0-1

[Event "Troy (TCC Beg/4/2)"]
[Site "?"]
[Date "1995.??.??"]
[Round "?"]
[White "Dory, T."]
[Black "Abdul, A."]
[Result "1-0"]
[WhiteElo "1605"]
[BlackElo "1605"]
[PlyCount "101"]
[EventDate "1995.??.??"]

{4/(2)} 1. e4 e5 2. Nf3 Nc6 3. Bb5 Nd4 4. Nxd4 exd4 5. d3 c6 6. Bc4 Bb4+ 7. Nd2
d5 8. exd5 cxd5 9. Bb5+ Bd7 10. Bxd7+ Qxd7 11. O-O Nf6 12. Re1+ Be7 13. Nf3 O-O
14. Nxd4 Bc5 15. Nb3 Bd6 16. Qf3 Ng4 17. h3 Ne5 18. Qxd5 Ng6 19. Qf3 Ne5 20.
Qh5 g6 21. Qh4 Rfe8 22. Bg5 Re6 23. Nd4 Ree8 24. Bf6 Nc6 25. Nf3 Qf5 26. Nd4
Qd7 27. c3 Bc5 28. Nxc6 bxc6 29. d4 Bd6 30. Re3 Rxe3 31. fxe3 Qf5 32. e4 Qb5
33. e5 Bf8 34. b3 Qd3 35. c4 Rd8 36. Bxd8 h5 37. Rf1 Bh6 38. Bg5 Bf8 39. Qf4
Qf5 40. Qxf5 gxf5 41. Rxf5 Kg7 42. Rf6 Be7 43. Bh6+ Kg8 44. Rxc6 a5 45. Ra6 Bb4
46. d5 Kh7 47. Bg5 Bc3 48. e6 Kg6 49. e7+ Kxg5 50. e8=Q f6 51. Qe3+ 1-0

[Event "Ann Arbor (HVA/3/9)"]
[Site "?"]
[Date "1995.??.??"]
[Round "?"]
[White "Dolin, Jack"]
[Black "Smeckert, Dennis"]
[Result "0-1"]
[WhiteElo "1605"]
[BlackElo "1605"]
[PlyCount "100"]
[EventDate "1995.??.??"]

{3/(9)} 1. d4 d5 2. c4 e5 3. dxe5 d4 4. Nf3 Nc6 5. g3 Be6 6. b3 Qd7 7. Bg2
O-O-O 8. O-O Be7 9. Na3 h5 10. h4 Bh3 11. Bxh3 Qxh3 12. Ng5 Bxg5 13. Bxg5 Nxe5
14. f3 Qxg3+ 15. Kh1 f6 16. Qe1 Qxe1 17. Rfxe1 fxg5 18. hxg5 d3 19. exd3 Nxf3
20. Re3 Nd4 21. Rf1 Nc6 22. Rf7 Nge7 23. Nb5 Rhe8 24. Rxg7 Nf5 25. Rxc7+ Kb8
26. Rxe8 Rxe8 27. g6 a6 28. Rf7 axb5 29. Rxf5 bxc4 30. bxc4 Rg8 31. Rg5 Kc7 32.
Kg2 Kd6 33. Kh3 Ne5 34. g7 Ke6 35. d4 Nxc4 36. Kh4 Kf6 37. Rxh5 Rxg7 38. Rc5
Nd6 39. Kh5 Ne4 40. Rb5 Ng3+ 41. Kh4 Nf5+ 42. Kh3 Nxd4 43. Rb4 Nf5 44. a4 Nd6
45. Rb6 Ke6 46. a5 Ke5 47. a6 bxa6 48. Rxa6 Ne4 49. Ra5+ Kf4 50. Rh5 Ng5+ 0-1

[Event "Eastpointe (MCO/6/23)"]
[Site "?"]
[Date "1995.??.??"]
[Round "?"]
[White "Dolin, Jack"]
[Black "Schilling, P."]
[Result "0-1"]
[WhiteElo "1605"]
[BlackElo "1620"]
[PlyCount "64"]
[EventDate "1995.??.??"]

{6/(23)} 1. d4 Nf6 2. Nf3 e6 3. Bg5 b6 4. g3 Bb7 5. Bg2 Be7 6. O-O h6 7. Bf4
O-O 8. c4 d6 9. Nc3 Nbd7 10. Re1 Kh8 11. e4 g5 12. Bd2 e5 13. h3 Nh7 14. g4 Rg8
15. Nd5 Nhf8 16. dxe5 dxe5 17. Bc3 Ng6 18. a4 Bd6 19. Qd2 f6 20. a5 Bxd5 21.
cxd5 Kg7 22. b4 Rh8 23. axb6 axb6 24. Rxa8 Qxa8 25. Ra1 Qc8 26. Bf1 h5 27. Bb5
hxg4 28. hxg4 Nc5 29. bxc5 Qxg4+ 30. Kf1 Qxf3 31. Ke1 Rh1+ 32. Bf1 Nf4 0-1

[Event "Eastpointe (MCO/4/29)"]
[Site "?"]
[Date "1995.??.??"]
[Round "?"]
[White "Dolin, Jack"]
[Black "Nikitin, Mike"]
[Result "0-1"]
[WhiteElo "1605"]
[BlackElo "1605"]
[PlyCount "100"]
[EventDate "1995.??.??"]

{4/(29)} 1. d4 Nf6 2. Nf3 d5 3. c4 g6 4. Bf4 Bg7 5. Qc1 c6 6. Nc3 O-O 7. Bh6
Bg4 8. Bxg7 Kxg7 9. h3 Bxf3 10. exf3 dxc4 11. Qf4 b5 12. a4 Nd5 13. Nxd5 Qxd5
14. axb5 cxb5 15. Be2 Nc6 16. Rd1 Rfd8 17. Qc1 Rac8 18. O-O Nxd4 19. Qc3 e5 20.
Qe3 Nxe2+ 21. Qxe2 Qc5 22. Rfe1 Rxd1 23. Rxd1 Re8 24. Qe4 a6 25. Rd5 Qc6 26. f4
exf4 27. Qd4+ Qf6 28. Qd2 Re6 29. Rd4 g5 30. h4 h6 31. h5 Qe5 32. Kf1 Qf5 33.
Qd1 a5 34. Rd5 Re5 35. Rd7 b4 36. Kg1 Re1+ 37. Qxe1 Qxd7 38. Qe5+ Kg8 39. Qb8+
Kh7 40. Qe5 Qd1+ 41. Kh2 Qxh5+ 42. Kg1 Qg6 43. Qd5 c3 44. bxc3 bxc3 45. Qxa5 c2
46. Qd2 h5 47. Kf1 Qa6+ 48. Kg1 Qa1+ 49. Kh2 c1=Q 50. Qd3+ Kg7 0-1

[Event "Eastpointe (MCO/1/26)"]
[Site "?"]
[Date "1995.??.??"]
[Round "?"]
[White "Dolin, Jack"]
[Black "Morabito, Matthew"]
[Result "0-1"]
[WhiteElo "1605"]
[BlackElo "1850"]
[PlyCount "98"]
[EventDate "1995.??.??"]

{1/(26)} 1. d4 Nf6 2. Nf3 g6 3. c3 Bg7 4. Bf4 d6 5. Qc1 h6 6. Nbd2 O-O 7. e4
Nbd7 8. Bd3 Re8 9. O-O e5 10. Be3 Ng4 11. Nc4 Nxe3 12. fxe3 Nb6 13. Qe1 exd4
14. cxd4 Bd7 15. Qh4 Bb5 16. Qxd8 Raxd8 17. b3 d5 18. exd5 Bxc4 19. Bxc4 Rxe3
20. Ne5 Bxe5 21. dxe5 Rxe5 22. d6 Nxc4 23. dxc7 Rc8 24. bxc4 Rxc7 25. Rf4 Rec5
26. Rc1 b5 27. Kf1 Rxc4 28. Rfxc4 Rxc4 29. Rxc4 bxc4 30. Ke1 Kf8 31. Kd2 Ke7
32. Kc3 Kd6 33. Kxc4 Kc6 34. Kb4 f5 35. Kc4 g5 36. Kd4 Kd6 37. g3 h5 38. a3 Ke6
39. a4 Kd6 40. a5 a6 41. Kc4 Kc6 42. h3 g4 43. hxg4 fxg4 44. Kd3 Kb5 45. Ke3
Kxa5 46. Kf4 Kb4 47. Kg5 a5 48. Kxh5 a4 49. Kxg4 a3 0-1

[Event "Eastpointe (MCO/3/39)"]
[Site "?"]
[Date "1995.??.??"]
[Round "?"]
[White "Dolin, Jack"]
[Black "Lombardo, L."]
[Result "1-0"]
[WhiteElo "1605"]
[BlackElo "1605"]
[PlyCount "63"]
[EventDate "1995.??.??"]

{3/(39)} 1. d4 d5 2. c4 dxc4 3. Nf3 Nf6 4. Bf4 Na6 5. e3 Bg4 6. Bxc4 e6 7. Nc3
Bb4 8. Qa4+ c6 9. Bxa6 Bxc3+ 10. bxc3 bxa6 11. Qxc6+ Nd7 12. Ne5 O-O 13. Qxd7
Qa5 14. O-O Qxc3 15. Nxg4 h6 16. Ne5 Rac8 17. e4 Rc7 18. Rac1 Rxd7 19. Rxc3
Rxd4 20. f3 g5 21. Be3 Ra4 22. a3 Ra5 23. f4 f6 24. Nd7 Rd8 25. Nxf6+ Kg7 26.
Bxa7 Rd2 27. fxg5 hxg5 28. Ne8+ Kg6 29. Rf6+ Kh5 30. Ng7+ Kg4 31. h3+ Kh4 32.
Rh6# 1-0

[Event "Troy (US Am N/3/37)"]
[Site "?"]
[Date "1995.??.??"]
[Round "?"]
[White "Distefano, R."]
[Black "Yahkind, Andrew"]
[Result "1-0"]
[WhiteElo "1605"]
[BlackElo "1605"]
[PlyCount "21"]
[EventDate "1995.??.??"]

{3/(37)} 1. e4 e5 2. Nf3 Nc6 3. Bb5 Nf6 4. O-O a6 5. Bxc6 dxc6 6. Nxe5 Nxe4 7.
Re1 f6 8. Qh5+ g6 9. Nxg6 Bg7 10. Rxe4+ Kd7 11. Qg4+ 1-0

[Event "East Lansing (MOR/5/14)"]
[Site "?"]
[Date "1995.??.??"]
[Round "?"]
[White "Distefano, R."]
[Black "Saulmon, Scott"]
[Result "1-0"]
[WhiteElo "1605"]
[BlackElo "1770"]
[PlyCount "116"]
[EventDate "1995.??.??"]

{5/(14)} 1. e4 e6 2. d4 d5 3. Nc3 Nf6 4. e5 Nfd7 5. f4 c5 6. Nf3 Nc6 7. Be3 Qb6
8. Na4 Qa5+ 9. c3 cxd4 10. Nxd4 Nxd4 11. Bxd4 Nc5 12. Nxc5 Bxc5 13. Be2 Qb6 14.
b3 Bd7 15. O-O Bb5 16. Bxb5+ Qxb5 17. Rc1 Ba3 18. Rc2 Rc8 19. Qf3 Bc5 20. Bxc5
Qxc5+ 21. Kh1 O-O 22. Rfc1 b6 23. Qd3 Rc7 24. c4 Qa3 25. Qd2 Rfc8 26. Qd1 Qb4
27. Qe2 b5 28. Qd2 Qc5 29. b4 Qc6 30. c5 Rd7 31. Qd4 Ra8 32. Ra1 a5 33. a3 axb4
34. axb4 Rda7 35. Rcc1 Ra4 36. Kg1 Qa6 37. Rab1 Ra2 38. Kf1 Qa4 39. Qc3 Ra3 40.
Qd4 h5 41. c6 Qa6 42. c7 Rc8 43. Rc5 h4 44. Rbc1 h3 45. g3 Ra2 46. R5c2 Ra3 47.
Rc3 Ra4 48. Ke2 Ra1 49. Qc5 Qb7 50. Rxa1 d4 51. Qc6 Rxc7 52. Qxb7 Rxb7 53. Rd3
Rc7 54. Rxd4 Kh7 55. Rad1 Kg6 56. Kf3 Rc2 57. R1d2 Rc3+ 58. Kg4 f5+ 1-0

[Event "East Lansing (MOR/7/12)"]
[Site "?"]
[Date "1995.??.??"]
[Round "?"]
[White "Distefano, R."]
[Black "Rosenberg, Steve"]
[Result "0-1"]
[WhiteElo "1605"]
[BlackElo "1705"]
[PlyCount "72"]
[EventDate "1995.??.??"]

{7/(12)} 1. e4 Nf6 2. e5 Nd5 3. d4 d6 4. c4 Nb6 5. Nf3 Nc6 6. Nc3 Bg4 7. Be3
dxe5 8. d5 Nb8 9. Bxb6 axb6 10. Be2 Bxf3 11. Bxf3 c6 12. O-O g6 13. Qe2 Bg7 14.
Rfd1 Qc7 15. Ne4 O-O 16. Rd2 cxd5 17. Rxd5 Nc6 18. Rd2 Nd4 19. Qd3 Rfd8 20. b3
f5 21. Rad1 Nxf3+ 22. Qxf3 fxe4 23. Qxe4 Rxd2 24. Rxd2 Rd8 25. Qe1 Rxd2 26.
Qxd2 Qd6 27. Qd5+ Qxd5 28. cxd5 Kf7 29. f3 Ke8 30. Kf2 Kd7 31. Ke3 Kd6 32. Ke4
b5 33. h4 Bh6 34. g4 Bc1 35. h5 gxh5 36. gxh5 h6 0-1

[Event "East Lansing (MOR/3/12)"]
[Site "?"]
[Date "1995.??.??"]
[Round "?"]
[White "Distefano, R."]
[Black "Piasecki, Vince"]
[Result "1-0"]
[WhiteElo "1605"]
[BlackElo "1605"]
[PlyCount "41"]
[EventDate "1995.??.??"]

{3/(12)} 1. e4 c5 2. Nf3 Nc6 3. d4 cxd4 4. Nxd4 g6 5. Nc3 Bg7 6. Be3 a6 7. Bc4
e6 8. Bb3 Nge7 9. Qd2 Na5 10. O-O-O O-O 11. Bh6 Bxh6 12. Qxh6 Nxb3+ 13. Nxb3 b5
14. h4 Kh8 15. h5 Ng8 16. Qe3 Bb7 17. hxg6 fxg6 18. Nc5 Bc6 19. Nxe6 Qa5 20.
Rxh7+ Kxh7 21. Rh1+ 1-0

[Event "Troy (US Am N/5/34)"]
[Site "?"]
[Date "1995.??.??"]
[Round "?"]
[White "Distefano, R."]
[Black "Jackson, K."]
[Result "0-1"]
[WhiteElo "1605"]
[BlackElo "1605"]
[PlyCount "48"]
[EventDate "1995.??.??"]

{5/(34)} 1. e4 e6 2. d4 d5 3. Nc3 c5 4. Nf3 Nc6 5. e5 Be7 6. Be3 f6 7. exf6
Bxf6 8. Qd2 cxd4 9. Bxd4 Nxd4 10. Nxd4 Ne7 11. Bb5+ Bd7 12. Nxe6 Qb6 13. Bxd7+
Kxd7 14. Nf4 Rhe8 15. O-O-O Rad8 16. Nfxd5 Nxd5 17. Qxd5+ Kc8 18. Qf5+ Kb8 19.
Qf4+ Kc8 20. Na4 Qb5 21. Kb1 a5 22. b3 Rxd1+ 23. Rxd1 Qc6 24. c4 Qxg2 {
[Remainder illegible; 0-1, 26?]} 0-1

[Event "East Lansing (MOR/1b/25)"]
[Site "?"]
[Date "1995.??.??"]
[Round "?"]
[White "Distefano, R."]
[Black "Harris, G."]
[Result "1/2-1/2"]
[WhiteElo "1605"]
[BlackElo "1605"]
[PlyCount "75"]
[EventDate "1995.??.??"]

1. e4 e6 2. d4 d5 3. Nc3 Bb4 4. e5 c5 5. a3 Bxc3+ 6. bxc3 Ne7 7. Qg4 Qa5 8. Bd2
Nbc6 9. Qxg7 Rg8 10. Qxh7 Bd7 11. Nf3 a6 12. h4 O-O-O 13. Qd3 c4 14. Qe2 Rdf8
15. Qd1 f6 16. h5 fxe5 17. dxe5 Nf5 18. h6 Rh8 19. h7 Qc7 20. g4 Ng3 21. fxg3
Nxe5 22. Nxe5 Qxe5+ 23. Qe2 Qxg3+ 24. Kd1 e5 25. Qg2 Bxg4+ 26. Kc1 Qf3 27. Qxf3
Bxf3 28. Bh3+ Kc7 29. Rf1 Rxh7 30. Bg2 e4 31. Bxf3 Rxf3 32. Rxf3 exf3 33. Kb2
Rf7 34. Rf1 Kd6 35. Be3 Ke5 36. Bd4+ Kf4 37. Kc1 Re7 38. Kd1 1/2-1/2

[Event "Troy (US Am N/1/4)"]
[Site "?"]
[Date "1995.??.??"]
[Round "?"]
[White "Distefano, R."]
[Black "Fuller, William"]
[Result "0-1"]
[WhiteElo "1605"]
[BlackElo "2100"]
[PlyCount "98"]
[EventDate "1995.??.??"]

{1/(4)} 1. e4 c5 2. Nf3 Nc6 3. d4 cxd4 4. Nxd4 Nf6 5. Nc3 e5 6. Ndb5 d6 7. Bg5
a6 8. Na3 Be6 9. Nd5 Bxd5 10. exd5 Qa5+ 11. c3 Qxd5 12. Qxd5 Nxd5 13. O-O-O Nc7
14. Nc4 h6 15. Be3 d5 16. Bb6 dxc4 17. Bxc7 Rc8 18. Bb6 Nb8 19. Bxc4 Bc5 20.
Bxc5 Rxc5 21. Bb3 Ke7 22. Rd2 b5 23. Kb1 a5 24. Rd5 Rxd5 25. Bxd5 Rd8 26. Rd1
Na6 27. Bf3 Rxd1+ 28. Bxd1 f5 29. Be2 Nc7 30. Kc2 Kd6 31. c4 b4 32. b3 Ne6 33.
Kd2 Nc5 34. Bd3 e4 35. Be2 Ke5 36. f3 Kd4 37. fxe4 Nxe4+ 38. Kc2 Nc3 39. Bf3
Nxa2 40. h3 g5 41. Kd2 Nc3 42. Kc2 a4 43. bxa4 Kxc4 44. Bc6 b3+ 45. Kb2 Kb4 46.
a5 Nd1+ 47. Kb1 Ka3 48. a6 Nc3+ 49. Kc1 b2+ 0-1

[Event "East Lansing (Beg/1/3)"]
[Site "?"]
[Date "1995.??.??"]
[Round "?"]
[White "DeVries, B."]
[Black "Klein, M."]
[Result "1-0"]
[WhiteElo "1605"]
[BlackElo "1605"]
[PlyCount "41"]
[EventDate "1995.??.??"]

{1/(3)} 1. e4 e5 2. Nf3 f6 3. d4 Nc6 4. dxe5 Nxe5 5. Nxe5 fxe5 6. Bc4 Bb4+ 7.
Bd2 Bc5 8. O-O c6 9. Nc3 Nf6 10. Bg5 d6 11. b3 Qb6 12. Kh1 Bd7 13. Bxf6 gxf6
14. Qh5+ Kd8 15. Qf7 Kc7 16. Be6 Rad8 17. Na4 Rdf8 18. Qxd7+ Kb8 19. Nxb6 Bxb6
20. c3 h5 21. b4 1-0